|
|
|
|
| LEADER |
00000ntm a22000007u 4500 |
| 001 |
zp18498 |
| 041 |
|
|
|a cze
|
| 100 |
1 |
|
|a Soušková, Hana
|4 dis
|
| 245 |
1 |
0 |
|a Význam budování image v sociálních službách
|
| 246 |
|
|
|a The Importance of Building Image in Social Services
|
| 260 |
|
|
|c 2011
|
| 300 |
|
|
|a 95 s.
|
| 500 |
|
|
|a Studijní obor: Řízení netržních a sociálních služeb
|
| 500 |
|
|
|a Studijní obor: Non-Profit and Social Services Administration
|
| 500 |
|
|
|a Ústav: Ústav marketingových komunikací
|
| 500 |
|
|
|a Univerzita Tomáše Bati ve Zlíně. Fakulta multimediálních komunikací
|
| 500 |
|
|
|a Tomas Bata University in Zlín. Faculty of Multimedia Communications
|
| 506 |
|
|
|a Bez omezení
|
| 653 |
|
|
|a sociální služby
|
| 653 |
|
|
|a uživatelé
|
| 653 |
|
|
|a firemní kultura
|
| 653 |
|
|
|a firemní identita
|
| 653 |
|
|
|a image
|
| 653 |
|
|
|a hodnocení kvality
|
| 653 |
|
|
|a marketingový výzkum
|
| 653 |
|
|
|a sémantický diferenciál
|
| 653 |
|
|
|a social services
|
| 653 |
|
|
|a users
|
| 653 |
|
|
|a company culture
|
| 653 |
|
|
|a company identity
|
| 653 |
|
|
|a image
|
| 653 |
|
|
|a quality assessment
|
| 653 |
|
|
|a marketing research
|
| 653 |
|
|
|a semantic differential
|
| 655 |
|
4 |
|a diplomová práce
|
| 700 |
1 |
|
|a Kubíčková, Eliška
|4 ths
|
| 710 |
2 |
|
|a Univerzita Tomáše Bati ve Zlíně. Fakulta multimediálních komunikací
|4 dgg
|
| 710 |
2 |
|
|a Tomas Bata University in Zlín. Faculty of Multimedia Communications
|4 dgg
|
| 856 |
4 |
0 |
|u http://hdl.handle.net/10563/18304
|y Plný text v Digitální knihovně UTB
|